[Event "Scarborough CC Winter Swiss"]
[Site "Toronto CAN"]
[Date "2023.03.16"]
[Round "5.2"]
[White "Zhong, Ryan Yunhui"]
[Black "Wu, Nolan"]
[Result "0-1"]
[WhiteElo "2026"]
[BlackElo "1758"]
[PlyCount "70"]
[EventDate "2023.02.16"]
[EventType "swiss"]
[EventRounds "6"]
[EventCountry "CAN"]

1. e4 c5 2. Nf3 d6 3. Bb5+ Bd7 4. Bxd7+ Nxd7 5. O-O Ngf6 6. Re1 g6 7. c3 Bg7 8.
d4 cxd4 9. cxd4 O-O 10. Nc3 Rc8 11. Bg5 Re8 12. e5 dxe5 13. dxe5 Ng4 14. e6
Nde5 15. Nxe5 Nxe5 16. exf7+ Nxf7 17. Nd5 Nxg5 18. Nxe7+ Qxe7 19. Rxe7 Rxe7 20.
Qd5+ Nf7 21. h3 Rd8 22. Qb3 Kh8 23. Rc1 Ne5 24. Rc5 Nc6 25. Qc2 Rf8 26. Rd5 Nb4
27. Qc5 Nxd5 28. Qxd5 Re1+ 29. Kh2 Be5+ 30. f4 Bxf4+ 31. g3 Re2+ 32. Kh1 Be5
33. Kg1 Bxg3 34. Qd4+ Be5 35. Qd3 Bh2+ 0-1

[Event "Scarborough CC Winter Swiss"]
[Site "Toronto CAN"]
[Date "2023.03.16"]
[Round "5.3"]
[White "Li, Adam"]
[Black "Zhong, April"]
[Result "1/2-1/2"]
[WhiteElo "1941"]
[BlackElo "1855"]
[PlyCount "64"]
[EventDate "2023.02.16"]
[EventType "swiss"]
[EventRounds "6"]
[EventCountry "CAN"]

1. e4 c5 2. Nf3 d6 3. Bb5+ Nd7 4. c3 a6 5. Ba4 b5 6. Bc2 c4 7. O-O Ngf6 8. Re1
e6 9. d4 cxd3 10. Bxd3 Bb7 11. a4 Be7 12. Bg5 bxa4 13. Bxf6 Bxf6 14. Bc2 Nb6
15. Bxa4+ Nxa4 16. Qxa4+ Qd7 17. Qxd7+ Kxd7 18. Na3 Rhc8 19. e5 dxe5 20. Nxe5+
Ke7 21. Rad1 Rd8 22. Nec4 Rxd1 23. Rxd1 Bc6 24. f3 Bg5 25. Kf2 Rc8 26. g3 Rc7
27. Na5 Ba4 28. Rd4 Be8 29. N5c4 Bf6 30. Rd2 Bc6 31. Ne3 Ke8 32. Nac4 Be7
1/2-1/2

[Event "Scarborough CC Winter Swiss"]
[Site "Toronto CAN"]
[Date "2023.03.16"]
[Round "5.4"]
[White "Wang, Nathan"]
[Black "Yang, Larry"]
[Result "1-0"]
[WhiteElo "1717"]
[BlackElo "1984"]
[PlyCount "76"]
[EventDate "2023.02.16"]
[EventType "swiss"]
[EventRounds "6"]
[EventCountry "CAN"]

1. e4 e5 2. Nf3 Nc6 3. Bc4 Bc5 4. c3 Nf6 5. d4 exd4 6. e5 d5 7. Bb5 Ne4 8. cxd4
Bb6 9. O-O O-O 10. Be3 Bg4 11. Bxc6 bxc6 12. Qc1 Bd7 13. Nc3 Nxc3 14. Qxc3 f6
15. Rac1 Kh8 16. h3 Qe8 17. Nd2 fxe5 18. dxe5 Qh5 19. f4 Qe2 20. Bxb6 axb6 21.
Rce1 Qb5 22. e6 Be8 23. f5 Qc5+ 24. Qxc5 bxc5 25. a3 c4 26. g4 c3 27. bxc3 Rxa3
28. Nb1 Rb3 29. g5 Kg8 30. Rf2 c5 31. f6 Rb8 32. Ref1 gxf6 33. gxf6 Bg6 34. Nd2
c4 35. f7+ Kg7 36. Nf3 c5 37. Ne5 Rb7 38. Re1 d4 1-0

[Event "Scarborough CC Winter Swiss"]
[Site "Toronto CAN"]
[Date "2023.03.16"]
[Round "5.5"]
[White "Wu, Benjamin"]
[Black "Sharpe, Sam"]
[Result "1/2-1/2"]
[WhiteElo "1895"]
[BlackElo "1914"]
[PlyCount "112"]
[EventDate "2023.02.16"]
[EventType "swiss"]
[EventRounds "6"]
[EventCountry "CAN"]

1. e4 d5 2. exd5 Qxd5 3. Nc3 Qa5 4. d4 Bf5 5. Nf3 e6 6. Bd3 Nf6 7. O-O Bb4 8.
Ne2 c6 9. c3 Bxd3 10. Qxd3 Bd6 11. Bf4 Qc7 12. Bxd6 Qxd6 13. Ng3 Nbd7 14. Rfe1
O-O 15. Rad1 Rfd8 16. Ne4 Nxe4 17. Qxe4 Nf6 18. Qe5 Rac8 19. Qxd6 Rxd6 20. h3
Kf8 21. a3 c5 22. dxc5 Rxd1 23. Rxd1 Rxc5 24. Kf1 Ke7 25. Ke2 Nd5 26. g3 a5 27.
Nd4 a4 28. Nc2 b5 29. Ne3 Nb6 30. f4 g5 31. Kf3 gxf4 32. gxf4 Nc4 33. Nxc4 Rxc4
34. Ke3 Rc5 35. Ke4 f6 36. Rd2 Rh5 37. Rd3 Rc5 38. Kf3 Rc4 39. Ke3 Rc5 40. Kf3
Rh5 41. Kg4 Rc5 42. h4 Rc4 43. Rd4 e5 44. Rd5 Rxf4+ 45. Kg3 h5 46. Rxb5 Rg4+
47. Kh3 Ke6 48. Rb8 e4 49. Rh8 Kf5 50. Rxh5+ Kf4 51. Ra5 Kf3 52. Rf5+ Rf4 53.
Rxf4+ Kxf4 54. Kg2 Ke3 55. h5 Kd2 56. h6 e3 1/2-1/2

[Event "Scarborough CC Winter Swiss"]
[Site "Toronto CAN"]
[Date "2023.03.16"]
[Round "5.6"]
[White "Zhao, Jifan"]
[Black "Kwan, Toy Chack"]
[Result "1-0"]
[WhiteElo "1810"]
[BlackElo "1605"]
[PlyCount "87"]
[EventDate "2023.02.16"]
[EventType "swiss"]
[EventRounds "6"]
[EventCountry "CAN"]

1. e4 e6 2. d4 d5 3. Nc3 Nf6 4. e5 Nfd7 5. f4 c5 6. Nf3 Nc6 7. Be3 a6 8. a3 b5
9. dxc5 Bxc5 10. Bxc5 Nxc5 11. b4 Nd7 12. Nd4 Nxd4 13. Qxd4 Qb6 14. Qxb6 Nxb6
15. Ne2 Bd7 16. Nd4 Rc8 17. Bd3 O-O 18. O-O f5 19. exf6 Rxf6 20. g3 Na4 21.
Rfe1 Nb2 22. Nb3 Na4 23. Re5 Rc7 24. Kf2 Bc8 25. Ke3 h6 26. Kd4 Nb6 27. Nc5 Kf7
28. Rae1 Nd7 29. Rxe6 Nxc5 30. Rxf6+ Kxf6 31. bxc5 Bb7 32. f5 Bc6 33. Re6+ Kf7
34. Rd6 Bb7 35. Be2 Ke7 36. Bf3 Rd7 37. Rxd7+ Kxd7 38. Bxd5 Bc8 39. Be6+ Kc7
40. Bxc8 Kxc8 41. c6 a5 42. c3 Kc7 43. Kc5 b4 44. cxb4 1-0

[Event "Scarborough CC Winter Swiss"]
[Site "Toronto CAN"]
[Date "2023.03.16"]
[Round "5.7"]
[White "Chamberland, Luc"]
[Black "Gao, Heye"]
[Result "0-1"]
[WhiteElo "1621"]
[BlackElo "1719"]
[PlyCount "78"]
[EventDate "2023.02.16"]
[EventType "swiss"]
[EventRounds "6"]
[EventCountry "CAN"]

1. e4 e5 2. Bc4 Nf6 3. d3 Bc5 4. Nc3 d6 5. Nf3 h6 6. h3 Nc6 7. a3 O-O 8. Be3
Bb6 9. Qd2 Nh7 10. O-O-O Be6 11. Nd5 Bxe3 12. fxe3 Ne7 13. g4 Nxd5 14. Bxd5
Bxd5 15. exd5 Ng5 16. Nxg5 Qxg5 17. Rdg1 g6 18. h4 Qe7 19. e4 Kg7 20. h5 g5 21.
Rf1 a5 22. Rf5 b5 23. Rhf1 Qd7 24. b3 f6 25. Qf2 Qe7 26. Qf3 Ra6 27. Kb2 c5 28.
dxc6 Rxc6 29. c4 bxc4 30. dxc4 a4 31. Qd3 axb3 32. Kxb3 Rb6+ 33. Ka2 Qb7 34.
Qc2 Rb8 35. R5f2 Rb3 36. Qc1 Qxe4 37. Rxf6 Qe2+ 38. Ka1 Ra8 39. Rf7+ Kg8 0-1

[Event "Scarborough CC Winter Swiss"]
[Site "Toronto CAN"]
[Date "2023.03.23"]
[Round "6.1"]
[White "Wu, Nolan"]
[Black "Southam, David"]
[Result "1-0"]
[WhiteElo "1758"]
[BlackElo "2038"]
[PlyCount "95"]
[EventDate "2023.02.16"]
[EventType "swiss"]
[EventRounds "6"]
[EventCountry "CAN"]

1. e4 e6 2. d4 d5 3. Nd2 c5 4. Ngf3 cxd4 5. Nxd4 Nc6 6. Bb5 Bd7 7. Nxc6 Bxc6 8.
Bxc6+ bxc6 9. O-O Nf6 10. e5 Nd7 11. f4 Bc5+ 12. Kh1 O-O 13. Nf3 f6 14. Qe2
fxe5 15. fxe5 h6 16. c3 Qe7 17. Be3 Bxe3 18. Qxe3 c5 19. Rg1 Rf7 20. g4 Raf8
21. Rg3 g5 22. Rag1 Rf4 23. Nd2 Qg7 24. Re1 Rf2 25. Rg2 R2f4 26. Rg3 Qg6 27.
Reg1 Qc2 28. R3g2 Qa4 29. h4 Qc6 30. Re1 Kg7 31. Ree2 Qb7 32. b3 R8f7 33. Kg1
Qb8 34. hxg5 hxg5 35. Rh2 Qg8 36. Qh3 Kf8 37. c4 d4 38. Ne4 Nxe5 39. Nxc5 Nf3+
40. Kh1 Ke7 41. Rxe6+ Kd8 42. Qh6 Nh4 43. Rd6+ Kc8 44. Qe6+ Kb8 45. Na6+ Kb7
46. Rd7+ Rxd7 47. Qxd7+ Kxa6 48. Qb5# 1-0

[Event "Scarborough CC Winter Swiss"]
[Site "Toronto CAN"]
[Date "2023.03.23"]
[Round "6.2"]
[White "Huang, Richard"]
[Black "Pedersen, Rune"]
[Result "1-0"]
[WhiteElo "2057"]
[BlackElo "2114"]
[PlyCount "23"]
[EventDate "2023.02.16"]
[EventType "swiss"]
[EventRounds "6"]
[EventCountry "CAN"]

1. d4 Nf6 2. Nf3 e6 3. Bf4 b6 4. e3 Bb7 5. Bd3 Be7 6. Nbd2 d5 7. O-O O-O 8. Ne5
Nfd7 9. Qg4 f5 10. Qh3 g5 11. Bg3 g4 12. Nxg4 1-0

[Event "Scarborough CC Winter Swiss"]
[Site "Toronto CAN"]
[Date "2023.03.23"]
[Round "6.3"]
[White "Jeyakumar, Bhavatharshan"]
[Black "Li, Adam"]
[Result "1/2-1/2"]
[WhiteElo "1744"]
[BlackElo "1941"]
[PlyCount "129"]
[EventDate "2023.02.16"]
[EventType "swiss"]
[EventRounds "6"]
[EventCountry "CAN"]

1. e4 e5 2. Nf3 Nc6 3. Bb5 a6 4. Ba4 Nf6 5. O-O b5 6. Bb3 Be7 7. Re1 O-O 8. c3
Bb7 9. d4 d6 10. Nbd2 h6 11. Nf1 Re8 12. Ng3 Bf8 13. Nf5 exd4 14. N3xd4 Nxd4
15. Qxd4 Bxe4 16. Ng3 c5 17. Qd1 Bb7 18. Be3 d5 19. a4 Qc7 20. Qd2 Qc6 21. f3
Rad8 22. Bc2 d4 23. cxd4 cxd4 24. Bf2 b4 25. Rxe8 Nxe8 26. Qd3 g6 27. Ne2 Ng7
28. Nxd4 Qf6 29. Qc4 Rc8 30. Qb3 a5 31. Re1 Rd8 32. Qc4 Ba6 33. Qc6 Rd6 34. Qe4
Ne6 35. Rd1 Nxd4 36. Rxd4 Re6 37. Qa8 Re1+ 38. Bxe1 Qxd4+ 39. Kh1 Qc4 40. Qa7
Qxc2 41. Qxa6 Qc1 42. Qe2 b3 43. Qd2 Qxd2 44. Bxd2 Bg7 45. Bc1 Kf8 46. Kg1 Ke7
47. Kf2 Kd6 48. Ke2 Kc5 49. Kd3 Kb4 50. g3 h5 51. h3 Be5 52. g4 Bg7 53. Bd2+
Kxa4 54. Bc3 Bxc3 55. Kxc3 Kb5 56. Kxb3 hxg4 57. hxg4 g5 58. Ka3 a4 59. b3 axb3
60. Kxb3 Kc5 61. Kc3 Kd5 62. Kd3 Ke5 63. Ke3 f6 64. Ke2 f5 65. gxf5 1/2-1/2

[Event "Scarborough CC Winter Swiss"]
[Site "Toronto CAN"]
[Date "2023.03.23"]
[Round "6.4"]
[White "Zhong, April"]
[Black "Wang, Nathan"]
[Result "0-1"]
[WhiteElo "1718"]
[BlackElo "1855"]
[PlyCount "66"]
[EventDate "2023.02.16"]
[EventType "swiss"]
[EventRounds "6"]
[EventCountry "CAN"]

1. e4 c5 2. Nf3 Nc6 3. Bb5 g6 4. O-O Bg7 5. c3 e5 6. d3 Nge7 7. Be3 d6 8. d4
cxd4 9. cxd4 a6 10. Ba4 O-O 11. h3 h6 12. Qd2 Kh7 13. Nc3 b5 14. Bb3 Qe8 15.
dxe5 dxe5 16. Nd5 Nxd5 17. Bxd5 Be6 18. Rac1 Rc8 19. Rfd1 Nb8 20. Bc5 Rg8 21.
Bd6 f6 22. Qe3 Bxd5 23. exd5 Bf8 24. Rxc8 Qxc8 25. Rc1 Qd8 26. Bc7 Qe8 27. Qa7
Bg7 28. d6 e4 29. Nd4 f5 30. Bxb8 Qxb8 31. Qxb8 Rxb8 32. Rc7 Kg8 33. Ne6 Be5
0-1

[Event "Scarborough CC Winter Swiss"]
[Site "Toronto CAN"]
[Date "2023.03.23"]
[Round "6.5"]
[White "Ugodnikov, Arkadiy"]
[Black "Zhong, Ryan Yunhui"]
[Result "1-0"]
[WhiteElo "1624"]
[BlackElo "2026"]
[PlyCount "88"]
[EventDate "2023.02.16"]
[EventType "swiss"]
[EventRounds "6"]
[EventCountry "CAN"]

1. e4 e6 2. d4 d5 3. Nd2 c5 4. exd5 Qxd5 5. Ngf3 cxd4 6. Bc4 Qd6 7. O-O Nf6 8.
Nb3 Nc6 9. Nbxd4 Nxd4 10. Nxd4 Be7 11. Re1 O-O 12. c3 Qc7 13. Be3 Bd7 14. Qe2
Bd6 15. h3 a6 16. Bg5 e5 17. Nf3 Rae8 18. Rad1 e4 19. Nd4 Be5 20. Be3 b5 21.
Bb3 Rd8 22. Rd2 Ne8 23. Bg5 Bf6 24. Bxf6 Nxf6 25. Red1 Rfe8 26. Nc2 Be6 27.
Bxe6 fxe6 28. Ne3 Nd7 29. c4 Qc6 30. Rd6 Qb7 31. Qd2 Re7 32. c5 Qc7 33. c6 Qb8
34. cxd7 Qa7 35. Qd4 Qb7 36. Ng4 Kf7 37. Ne5+ Kf8 38. Nc6 Rdxd7 39. Nxe7 Rxe7
40. Qe5 Kf7 41. Qf4+ Kg6 42. h4 h6 43. Qg4+ Kf7 44. h5 Kg8 1-0

[Event "Scarborough CC Winter Swiss"]
[Site "Toronto CAN"]
[Date "2023.03.23"]
[Round "6.6"]
[White "Sharpe, Sam"]
[Black "Zhao, Jifan"]
[Result "0-1"]
[WhiteElo "1914"]
[BlackElo "1810"]
[PlyCount "96"]
[EventDate "2023.02.16"]
[EventType "swiss"]
[EventRounds "6"]
[EventCountry "CAN"]

1. e4 e6 2. d4 d5 3. e5 c5 4. c3 Qb6 5. Nf3 Bd7 6. a3 a5 7. h4 a4 8. h5 cxd4 9.
cxd4 Bb5 10. Bxb5+ Qxb5 11. Nc3 Qa6 12. Qe2 Qxe2+ 13. Kxe2 Nc6 14. Bd2 f6 15.
exf6 Nxf6 16. Nb5 Kd7 17. Ne5+ Nxe5 18. dxe5 Ne4 19. Rac1 Bc5 20. Be3 Rac8 21.
Rhd1 Rhf8 22. Bxc5 Rxc5 23. Rxc5 Nxc5 24. Nd4 Rf4 25. Nf3 Nb3 26. g3 Rc4 27.
Nd2 Nxd2 28. Kxd2 Rd4+ 29. Kc2 Rg4 30. Kc3 Rg5 31. Re1 Rxh5 32. Kb4 Rh2 33. Re2
g5 34. Kxa4 g4 35. Kb5 h5 36. Kb6 h4 37. gxh4 g3 38. Re3 g2 39. Rg3 d4 40. Kc5
Ke7 41. Kxd4 Rxh4+ 42. Ke3 Rh3 43. Rxh3 g1=Q 44. Rh7+ Kd8 45. Rxb7 Qg5+ 46. Kd3
Qf5+ 47. Ke3 Qxe5+ 48. Kd2 Qd5+ 0-1

[Event "Scarborough CC Winter Swiss"]
[Site "Toronto CAN"]
[Date "2023.03.23"]
[Round "6.7"]
[White "Gao, Heye"]
[Black "Gao, Lucy"]
[Result "1-0"]
[WhiteElo "1719"]
[BlackElo "1845"]
[PlyCount "97"]
[EventDate "2023.02.16"]
[EventType "swiss"]
[EventRounds "6"]
[EventCountry "CAN"]

1. e4 c5 2. Nf3 Nc6 3. d4 cxd4 4. Nxd4 g6 5. Nc3 Bg7 6. Be3 Nf6 7. f3 O-O 8.
Be2 d5 9. exd5 Nxd5 10. Nxd5 Qxd5 11. Nxc6 Qxc6 12. c3 e5 13. O-O Be6 14. Qc2
f5 15. Rad1 Rad8 16. Bf2 a6 17. a4 e4 18. a5 Bd5 19. Bb6 Rc8 20. h3 Be5 21. Qd2
Bb3 22. Rc1 Bg3 23. c4 Bc7 24. Bxc7 Rxc7 25. Qc3 Ba4 26. fxe4 fxe4 27. Rxf8+
Kxf8 28. Qh8+ Ke7 29. Qxh7+ Kd8 30. Qh8+ Qe8 31. Qf6+ Kc8 32. Rf1 Rc6 33. Qg7
Rc7 34. Qf6 Rc6 35. Qf4 Rc7 36. Qd6 Rf7 37. Bg4+ Bd7 38. Rxf7 Qxf7 39. Bxd7+
Qxd7 40. Qxd7+ Kxd7 41. Kf2 Ke6 42. Ke3 Kf5 43. g4+ Kg5 44. Kxe4 Kh4 45. b4
Kxh3 46. Kf3 g5 47. b5 b6 48. bxa6 bxa5 49. a7 1-0

[Event "Scarborough CC-ch"]
[Site "Toronto CAN"]
[Date "2023.03.30"]
[Round "1.1"]
[White "Southam, David"]
[Black "Zhao, Jifan"]
[Result "1-0"]
[WhiteElo "2027"]
[BlackElo "1825"]
[PlyCount "83"]
[EventDate "2023.03.30"]
[EventType "swiss"]
[EventRounds "8"]
[EventCountry "CAN"]

1. d4 d5 2. c4 dxc4 3. e4 Nf6 4. e5 Nd5 5. Bxc4 Nc6 6. Ne2 Nb6 7. Bb3 Bg4 8. f3
Bh5 9. Nbc3 e6 10. O-O Be7 11. Be3 O-O 12. Qc1 Nb8 13. Nf4 Bg6 14. d5 exd5 15.
Ncxd5 Nxd5 16. Bxd5 c6 17. Bb3 Na6 18. Nxg6 hxg6 19. Qc2 Qa5 20. e6 f5 21. Rac1
Nb4 22. Qc3 Qb5 23. Bc4 Nd5 24. Bxb5 Nxc3 25. Rxc3 cxb5 26. Rc7 Bf6 27. Rxb7 a6
28. Rd1 Bxb2 29. Rdd7 Rfd8 30. Bb6 Re8 31. Bd4 Bxd4+ 32. Rxd4 Rad8 33. Rxd8
Rxd8 34. Ra7 Re8 35. Rxa6 Kf8 36. Kf2 Ke7 37. Ke3 Kf6 38. Kd4 Rd8+ 39. Kc3 f4
40. e7+ Kxe7 41. Rxg6 Kf7 42. Rg4 1-0

[Event "Scarborough CC-ch"]
[Site "Toronto CAN"]
[Date "2023.03.30"]
[Round "1.2"]
[White "Mendoza, Armand Jess"]
[Black "Zhong, Ryan Yunhui"]
[Result "0-1"]
[WhiteElo "1795"]
[BlackElo "1956"]
[PlyCount "120"]
[EventDate "2023.03.30"]
[EventType "swiss"]
[EventRounds "8"]
[EventCountry "CAN"]

1. e4 e6 2. d4 d5 3. Nd2 c5 4. dxc5 Bxc5 5. Nb3 Bd6 6. Qd4 Nc6 7. Qxg7 Be5 8.
Qg4 Nf6 9. Qh4 dxe4 10. c3 Ne7 11. Bg5 Ned5 12. O-O-O Qc7 13. Bb5+ Bd7 14.
Bxd7+ Nxd7 15. Ne2 h6 16. Bd2 N7f6 17. Ng3 Qc4 18. Rhe1 Bxg3 19. hxg3 O-O-O 20.
f3 Rdg8 21. Be3 a5 22. Bd4 Rg5 23. Bxf6 Nxf6 24. Rd4 Qa6 25. fxe4 e5 26. Ra4
Rh5 27. Rxa5 Qb6 28. Qxh5 Nxh5 29. Ra8+ Kc7 30. Rxh8 Nxg3 31. Re8 Qf2 32. Rd1
Nxe4 33. Re7+ Kb6 34. Kb1 Qg3 35. a4 Qg6 36. Ka2 Nxc3+ 37. bxc3 Qc2+ 38. Ka3
Qxd1 39. a5+ Kc6 40. Rxf7 Qd6+ 41. Ka4 Qg6 42. Rf3 Qg4+ 43. Ka3 Qxg2 44. Rf6+
Kd5 45. Rxh6 Kc4 46. Re6 Kxc3 47. Rb6 Qb2+ 48. Ka4 Qa2+ 49. Kb5 Qxb3+ 50. Kc5
Qc4+ 51. Kd6 e4 52. Rxb7 e3 53. Rc7 e2 54. a6 e1=Q 55. Rxc4+ Kxc4 56. Kc7 Qe8
57. Kb7 Kb5 58. a7 Qd7+ 59. Kb8 Kb6 60. a8=N+ Kc6 0-1

[Event "Scarborough CC-ch"]
[Site "Toronto CAN"]
[Date "2023.03.30"]
[Round "1.3"]
[White "Yang, Larry"]
[Black "Wang, Nathan"]
[Result "1-0"]
[WhiteElo "1926"]
[BlackElo "1841"]
[PlyCount "75"]
[EventDate "2023.03.30"]
[EventType "swiss"]
[EventRounds "8"]
[EventCountry "CAN"]

1. e4 c5 2. Nc3 Nc6 3. g3 g6 4. Bg2 Bg7 5. d3 e6 6. f4 d6 7. Nf3 Nge7 8. O-O
Rb8 9. Ne2 d5 10. Rb1 O-O 11. c3 b6 12. Qc2 Ba6 13. Rd1 dxe4 14. dxe4 Qc7 15.
Be3 Bc4 16. Rbc1 Rfd8 17. Bf1 Rxd1 18. Rxd1 Rd8 19. b3 Rxd1 20. Qxd1 Bxe2 21.
Qxe2 Bxc3 22. Qc4 Bg7 23. Bh3 Qd7 24. Kg2 Na5 25. Qc2 Nec6 26. f5 exf5 27. exf5
Qd5 28. fxg6 hxg6 29. Qe2 Qe4 30. Kf2 Ne5 31. Ng5 Qd5 32. Qa6 Nac6 33. Qc8+ Bf8
34. Bg2 Qd1 35. Bf3 Nxf3 36. Nxf3 Nb4 37. Bh6 Qd6 38. Ne5 1-0

[Event "Scarborough CC-ch"]
[Site "Toronto CAN"]
[Date "2023.03.30"]
[Round "1.4"]
[White "Jeyakumar, Bhavatharshan"]
[Black "Li, Adam"]
[Result "1-0"]
[WhiteElo "1822"]
[BlackElo "1998"]
[PlyCount "137"]
[EventDate "2023.03.30"]
[EventType "swiss"]
[EventRounds "8"]
[EventCountry "CAN"]

1. e4 e5 2. Nf3 Nc6 3. Bb5 a6 4. Ba4 Nf6 5. O-O b5 6. Bb3 Be7 7. Re1 O-O 8. c3
Bb7 9. d4 d6 10. Nbd2 h6 11. Nf1 Re8 12. Ng3 Bf8 13. a4 g6 14. Bd2 Na5 15. Bc2
Nc4 16. b3 Nb6 17. a5 Nbd7 18. Qc1 Kh7 19. h4 exd4 20. cxd4 c5 21. d5 Ne5 22.
Nxe5 dxe5 23. Qd1 Rc8 24. Qf3 c4 25. bxc4 Rxc4 26. Bd3 Rc7 27. Rec1 Bg7 28. h5
Ree7 29. Rxc7 Rxc7 30. Bb4 Ne8 31. Qe3 Qh4 32. hxg6+ fxg6 33. Qb6 Rd7 34. Qe6
Nf6 35. Be7 Bc8 36. Qc6 Rxe7 37. Qxc8 Ng4 38. Be2 Qh2+ 39. Kf1 Ne3+ 40. fxe3
Qxg3 41. Bf3 Rf7 42. Ke2 Rf6 43. Rc1 Qg5 44. Rc7 Rd6 45. Rxg7+ Kxg7 46. Qc7+
Kg8 47. Qxd6 h5 48. Qxa6 Qd8 49. Qxg6+ Kf8 50. Bxh5 Qc7 51. d6 Qc2+ 52. Kf3
Qd1+ 53. Kg3 Qe1+ 54. Kg4 Qe2+ 55. Kf5 Qf2+ 56. Ke6 Qa2+ 57. Kd7 b4 58. Qh6+
Kg8 59. Qe6+ Qxe6+ 60. Kxe6 b3 61. Bd1 b2 62. Bc2 Kg7 63. d7 Kh7 64. d8=Q b1=Q
65. Bxb1 Kh6 66. Qf6+ Kh7 67. Qg5 Kh8 68. Kf7 Kh7 69. Qg7# 1-0

[Event "Scarborough CC-ch"]
[Site "Toronto CAN"]
[Date "2023.03.30"]
[Round "1.5"]
[White "Sharpe, Sam"]
[Black "Gao, Heye"]
[Result "0-1"]
[WhiteElo "1876"]
[BlackElo "1785"]
[PlyCount "118"]
[EventDate "2023.03.30"]
[EventType "swiss"]
[EventRounds "8"]
[EventCountry "CAN"]

1. c4 c6 2. e4 e5 3. Nc3 Nf6 4. g3 d5 5. cxd5 cxd5 6. exd5 Nxd5 7. Bg2 Nxc3 8.
bxc3 Bc5 9. Ne2 O-O 10. O-O Nc6 11. Bb2 Bf5 12. d4 exd4 13. cxd4 Bd6 14. d5 Ne5
15. Nd4 Bg6 16. f4 Nc4 17. Bc1 Bc5 18. Kh1 Qb6 19. Nb3 Bf5 20. Nxc5 Qxc5 21. g4
Bd7 22. f5 f6 23. Qb3 b5 24. Bf4 Rad8 25. Rac1 Rfe8 26. Qg3 Bc8 27. Rfd1 Bb7
28. d6 Bxg2+ 29. Qxg2 Rd7 30. Qd5+ Qxd5+ 31. Rxd5 a6 32. a4 Nb6 33. Rdc5 Nxa4
34. Rc6 Ra8 35. Rc7 Rad8 36. Rxd7 Rxd7 37. Rc8+ Kf7 38. Rc6 Ra7 39. Be3 Ra8 40.
Rc7+ Kf8 41. d7 Rd8 42. Bd2 Kf7 43. Bb4 Nb6 44. Rc6 Nxd7 45. Rxa6 Ne5 46. Ra7+
Kg8 47. h3 Nc6 48. Rb7 Nxb4 49. Rxb5 Nd3 50. Rb7 Nf4 51. h4 h5 52. g5 fxg5 53.
hxg5 Rf8 54. Rb5 Nh3 55. f6 gxf6 56. gxf6 Nf4 57. Rf5 Ne2 58. Kg2 Kf7 59. Rxh5
Nf4+ 0-1

[Event "Scarborough CC-ch"]
[Site "Toronto CAN"]
[Date "2023.03.30"]
[Round "1.6"]
[White "Li, Justin"]
[Black "Wu, Benjamin"]
[Result "0-1"]
[WhiteElo "1666"]
[BlackElo "1864"]
[PlyCount "56"]
[EventDate "2023.03.30"]
[EventType "swiss"]
[EventRounds "8"]
[EventCountry "CAN"]

1. d4 Nf6 2. Nf3 d5 3. Bf4 Bf5 4. c4 c6 5. Qb3 b6 6. e3 e6 7. Nc3 Bd6 8. Bxd6
Qxd6 9. cxd5 exd5 10. Be2 Nbd7 11. O-O O-O 12. Rfd1 h6 13. Rac1 Rfe8 14. h3
Rac8 15. Bd3 Ne4 16. Bf1 Qf6 17. Nxe4 dxe4 18. Nd2 Qg5 19. Kh2 Nf6 20. Nc4 Re6
21. Qa3 Nd5 22. Nd6 Rc7 23. Nxf5 Qxf5 24. Rd2 Rg6 25. Bc4 Qg5 26. Rg1 Nf4 27.
exf4 Qxf4+ 28. Qg3 Rxg3 0-1

[Event "Scarborough CC-ch"]
[Site "Toronto CAN"]
[Date "2023.03.30"]
[Round "1.7"]
[White "Zhong, April"]
[Black "Ugodnikov, Arkadiy"]
[Result "1-0"]
[WhiteElo "1780"]
[BlackElo "1655"]
[PlyCount "72"]
[EventDate "2023.03.30"]
[EventType "swiss"]
[EventRounds "8"]
[EventCountry "CAN"]

1. e4 e5 2. Nf3 Nc6 3. d4 exd4 4. Nxd4 Nf6 5. Nc3 Bb4 6. Nxc6 bxc6 7. Bd3 d5 8.
exd5 cxd5 9. O-O O-O 10. Bg5 c6 11. Qf3 Be7 12. h3 Be6 13. Ne2 h6 14. Bf4 Bd6
15. Rac1 Rb8 16. b3 Rb4 17. c3 Rb7 18. Rfe1 c5 19. Ng3 Bxf4 20. Qxf4 Rd7 21.
Bf5 Bxf5 22. Nxf5 Re8 23. Qg3 g6 24. Nxh6+ Kg7 25. Nf5+ Kf8 26. Rxe8+ Nxe8 27.
Ne3 d4 28. Nc4 d3 29. Rd1 Rd5 30. Ne5 Qf6 31. f4 Kg7 32. Rxd3 Rxd3 33. Qxd3
Qxf4 34. Nd7 Qc1+ 35. Kh2 Qf4+ 36. Qg3 Qf5 1-0

[Event "Scarborough CC-ch"]
[Site "Toronto CAN"]
[Date "2023.03.30"]
[Round "1.9"]
[White "Valles, Alyver"]
[Black "Guan, Daniel"]
[Result "0-1"]
[WhiteElo "1516"]
[BlackElo "1619"]
[PlyCount "84"]
[EventDate "2023.03.30"]
[EventType "swiss"]
[EventRounds "8"]
[EventCountry "CAN"]

1. e4 c5 2. f4 d6 3. c4 Nc6 4. Nc3 g6 5. Nf3 Bg7 6. Be2 e6 7. d3 Nge7 8. Be3
O-O 9. O-O b6 10. Rb1 d5 11. cxd5 exd5 12. Bf2 dxe4 13. dxe4 Bxc3 14. bxc3 Qxd1
15. Rfxd1 Be6 16. Rd2 Rad8 17. Rbd1 Rxd2 18. Rxd2 Rd8 19. Rxd8+ Nxd8 20. Bh4
Ndc6 21. a3 Nc8 22. Ng5 Bb3 23. e5 N8e7 24. g4 Nd5 25. Bf3 Na5 26. Bxd5 Bxd5
27. Bf2 Nc4 28. a4 h6 29. Nh3 Bf3 30. Bh4 Bxg4 31. Nf2 Bd7 32. Ne4 Bxa4 33. Be7
Bc6 34. Nf6+ Kg7 35. Kf2 a5 36. Ke2 a4 37. Ng4 a3 38. Bf6+ Kf8 39. Ne3 Nxe3 40.
e6 a2 41. e7+ Ke8 42. c4 Nc2 0-1

[Event "Scarborough CC-ch"]
[Site "Toronto CAN"]
[Date "2023.04.06"]
[Round "2.2"]
[White "Wu, Nolan"]
[Black "Southam, David"]
[Result "0-1"]
[WhiteElo "1827"]
[BlackElo "2027"]
[PlyCount "62"]
[EventDate "2023.03.30"]
[EventType "swiss"]
[EventRounds "8"]
[EventCountry "CAN"]

1. e4 e6 2. d4 d5 3. Nd2 c5 4. Ngf3 cxd4 5. Nxd4 Nc6 6. Bb5 Bd7 7. Nxc6 Bxc6 8.
Bxc6+ bxc6 9. c4 Nf6 10. e5 Nd7 11. Nf3 Bb4+ 12. Bd2 Qa5 13. O-O Bxd2 14. Nxd2
Nxe5 15. f4 Nxc4 16. Nxc4 Qc5+ 17. Kh1 dxc4 18. f5 exf5 19. Re1+ Kf8 20. Qd7 g6
21. Rad1 Kg7 22. b4 Qb6 23. Re7 Rad8 24. Rxf7+ Kh6 25. Rxh7+ Rxh7 26. Qxd8 Qxd8
27. Rxd8 Re7 28. Kg1 c3 29. Rd1 c2 30. Rc1 Re2 31. h4 Kh5 0-1

[Event "Scarborough CC-ch"]
[Site "Toronto CAN"]
[Date "2023.04.06"]
[Round "2.3"]
[White "Zhong, Ryan Yunhui"]
[Black "Jeyakumar, Bhavatharshan"]
[Result "1-0"]
[WhiteElo "1956"]
[BlackElo "1822"]
[PlyCount "77"]
[EventDate "2023.03.30"]
[EventType "swiss"]
[EventRounds "8"]
[EventCountry "CAN"]

1. e4 c5 2. Nf3 e6 3. c3 d5 4. exd5 exd5 5. d4 Nc6 6. Bb5 Nf6 7. O-O Qc7 8.
Re1+ Be7 9. Ne5 cxd4 10. Bf4 Qb6 11. Qa4 Bd7 12. Nxd7 Kxd7 13. c4 a6 14. cxd5
axb5 15. dxc6+ bxc6 16. Qb3 Nd5 17. Qg3 Nxf4 18. Qxf4 Bf6 19. Nd2 Rae8 20. Ne4
Be5 21. Qxf7+ Re7 22. Qf5+ Kc7 23. Ng5 Rhe8 24. g3 g6 25. Qf3 c5 26. a4 b4 27.
Rec1 Bd6 28. Qd3 Qc6 29. Nf3 Qe4 30. Qb3 Rf8 31. Ne1 Kd8 32. a5 Qe2 33. Rc2 Qb5
34. Qd5 Kc7 35. a6 Qc6 36. Qc4 Rc8 37. Nd3 Ree8 38. a7 Qb6 39. Qd5 1-0

[Event "Scarborough CC-ch"]
[Site "Toronto CAN"]
[Date "2023.04.06"]
[Round "2.4"]
[White "Gao, Heye"]
[Black "Yang, Larry"]
[Result "1-0"]
[WhiteElo "1785"]
[BlackElo "1926"]
[PlyCount "93"]
[EventDate "2023.03.30"]
[EventType "swiss"]
[EventRounds "8"]
[EventCountry "CAN"]

1. e4 e5 2. Nf3 Nc6 3. Bc4 Bc5 4. Nc3 Nf6 5. d3 d6 6. h3 h6 7. Be3 Bb6 8. O-O
g5 9. Nh2 Nd4 10. Kh1 c6 11. Re1 Be6 12. Bb3 Nxb3 13. axb3 Bxe3 14. Rxe3 c5 15.
Nb1 Rg8 16. Nd2 h5 17. c3 h4 18. Ng4 Nxg4 19. hxg4 Qd7 20. f3 Rh8 21. Kh2 Qe7
22. Nf1 Qf6 23. Kh3 a6 24. b4 cxb4 25. Qa4+ Bd7 26. Qxb4 Ke7 27. Re2 Rab8 28.
d4 Rhc8 29. Ne3 Ke8 30. Nd5 Qe6 31. Ree1 Bb5 32. b3 Bc6 33. Ne3 Bd7 34. Nf5 Kd8
35. Nxd6 Rc6 36. Nf5 Rb6 37. Qf8+ Kc7 38. Qc5+ Rc6 39. Qa5+ Kc8 40. d5 Qe8 41.
dxc6 Bxf5 42. cxb7+ Rxb7 43. exf5 f6 44. Qxa6 Qd8 45. Re4 Qd2 46. Rc4+ Kd8 47.
Qa8+ 1-0